| 000 | 00579cam a2200145 4500500 | ||
|---|---|---|---|
| 005 | 20251228093424.0 | ||
| 041 | _afre | ||
| 042 | _adc | ||
| 100 | 1 | 0 |
_aCadiot, Juliette _eauthor |
| 245 | 0 | 0 | _aJane BURBANK Russian Peasants Go to Court. Legal Culture in the Countryside, 1905-1917 Bloomington : Indiana University Press, 2004, 374p. |
| 260 | _c2005. | ||
| 500 | _a17 | ||
| 786 | 0 | _nCahiers du monde russe | Vol 46 | 4 | 2005-11-01 | p. 859f-990f | 1252-6576 | |
| 856 | 4 | 1 | _uhttps://shs.cairn.info/revue-cahiers-du-monde-russe-2005-4-page-859f?lang=fr&redirect-ssocas=7080 |
| 999 |
_c1604331 _d1604331 |
||